Pays ayant leur capitale dans leurs noms - Statistiques

Statistiques générales
  • Ce quiz a été pris 169 fois
    134 depuis la dernière actualisation
  • Le résultat moyen est 7 sur 13
Statistiques - réponses
Réponse % Correct
Luxembourg
81%
Vatican
74%
Monaco
70%
Saint-Marin
68%
Panama
58%
Guatemala
50%
Algérie
48%
Singapour
44%
Tunisie
44%
Koweït
42%
Djibouti
33%
Guinée-Bissau
26%
Sao-Tomé-Et-Principe
24%
Aucun quiz correspondant
Distribution des résultats
% des personnes avec chaque résultat
Percentile par nombre de réponses
Votre historique - résultats
Vous n’avez pas pris ce quiz depuis la dernière actualisation